000 00354 a2200169 4500
001 12697
020 _a9788526019951
040 _cAnchieta - Aquarius
100 _aFrança, Mary
240 1 0 _a*De cor em cor
_lpor
245 1 0 _a*De cor em cor
300 _a18
362 0 _a2011
440 1 _aGlobal
650 4 _aLiteratura infantil
942 _cBK
999 _c12697
_d12697